书目信息 |
| 题名: |
中国区域旅游发展年度报告
|
|
| 作者: | 马晓龙 主编 | |
| 分册: | ||
| 出版信息: | 北京 中国旅游出版社 2011.3 |
|
| 页数: | 174页 | |
| 开本: | 26cm | |
| 丛书名: | 中国旅游发展年度报告书系 | |
| 单 册: | ||
| 中图分类: | F592.7 | |
| 科图分类: | ||
| 主题词: | 旅游业--区域发展--研究--报告--中国--2010-2011 | |
| 电子资源: | ||
| ISBN: | 978-7-5032-3645-7 | |
| 000 | 01244nam0 2200289 45 | |
| 001 | 515 | |
| 005 | 20120531161353.29 | |
| 010 | @a978-7-5032-3645-7@dCNY45.00 | |
| 100 | @a20120328d2011 em y0chiy0110 ea | |
| 101 | 0 | @achi |
| 102 | @aCN@b110000 | |
| 105 | @aa a 000yy | |
| 106 | @ar | |
| 200 | 1 | @a中国区域旅游发展年度报告@AZhong Guo Qu Yu Lu^ You Fa Zhan Nian Du Bao Gao@dAnnual report of China regional tourism development. 2010-2011@f中国旅游研究院@FZhong Guo Lu^ You Yan Jiu Yuan@zeng |
| 210 | @a北京@c中国旅游出版社@d2011.3 | |
| 215 | @a174页@c图@d26cm | |
| 225 | 2 | @a中国旅游发展年度报告书系 |
| 314 | @a本书主编:马晓龙 | |
| 320 | @a有书目 | |
| 330 | @a本书以空间意义上的旅游区域为研究对象,以制度经济学的诱致型变迁理论和集体行动逻辑为工具,以微观层面的旅游者流动和宏观层面的客源地、中转地与目的地互动为线索,展开了对中国区域旅游发展的跟踪研究,是本项课题研究的学术特征,也是其理论意义之所在。 | |
| 461 | 0 | @12001 @a中国旅游发展年度报告书系 |
| 510 | 1 | @aAnnual report of China regional tourism development@h2010-2011@zeng |
| 606 | 0 | @a旅游业@x区域发展@x研究@x报告@y中国@z2010-2011 |
| 690 | @aF592.7@v4 | |
| 701 | 0 | @a马晓龙@AMa Xiao Long@4主编 |
| 801 | 0 | @aCN@bTSTCL@c20120328 |
| 905 | @b0814651-57@dF592.7@e305@f7 | |
| 中国区域旅游发展年度报告=Annual report of China regional tourism development. 2010-2011/中国旅游研究院.-北京:中国旅游出版社,2011.3 |
| 174页:图;26cm.-(中国旅游发展年度报告书系) |
| ISBN 978-7-5032-3645-7:CNY45.00 |
| 本书以空间意义上的旅游区域为研究对象,以制度经济学的诱致型变迁理论和集体行动逻辑为工具,以微观层面的旅游者流动和宏观层面的客源地、中转地与目的地互动为线索,展开了对中国区域旅游发展的跟踪研究,是本项课题研究的学术特征,也是其理论意义之所在。 |
| ● |
| 相关链接 |
|
|
|
|
正题名:中国区域旅游发展年度报告
索取号:F592.7/305
 
预约/预借
| 序号 | 登录号 | 条形码 | 馆藏地/架位号 | 状态 | 备注 |
| 1 | 0814651 | 208146512 | 第一样本阅览室/ [索取号:F592.7/305] | 在馆 | |
| 2 | 0814652 | 208146521 | 第一借阅区/ [索取号:F592.7/305] | 在馆 | |
| 3 | 0814653 | 208146530 | 第一借阅区/ [索取号:F592.7/305] | 在馆 | |
| 4 | 0814654 | 208146549 | 第一借阅区/ [索取号:F592.7/305] | 在馆 | |
| 5 | 0814655 | 208146558 | 第一借阅区/ [索取号:F592.7/305] | 在馆 | |
| 6 | 0814656 | 208146567 | 第一借阅区/ [索取号:F592.7/305] | 在馆 | |
| 7 | 0814657 | 208146576 | 第一借阅区/ [索取号:F592.7/305] | 在馆 |